00525nam a22001097a 4500040000900000082002600009100001100035245024200046260002800288300001200316856008700328 cRUA  aAVM LY 2011 B098 Or.1 aLY SEN aStudy on skin parasith of horses in traing district, takeo province, ការសិក្សាពីបរាសិតលើស្បែករបស់សេះ​ នៅស្រុកទ្រំាង ខេត្តតាកែវ) aphnom penh brua c2011 ax, 41.  uhttps://drive.google.com/file/d/1B2VlIPf5oXvN3HGx9NMWiD2KsxPdDW1x/view?usp=sharing